书目信息 |
| 题名: |
吴煦档案选编
|
|
| 作者: | ;太平天国历史博物馆 编 | |
| 分册: | 第三辑 | |
| 出版信息: | 南京 江苏人民出版社 1984.2 |
|
| 页数: | 151页 | |
| 开本: | 20cm | |
| 丛书名: | ||
| 单 册: | ||
| 中图分类: | K251 | |
| 科图分类: | ||
| 主题词: | 中国--历史--1840~1949 | |
| 电子资源: | ||
| ISBN: | ||
| 000 | 00640nam0 2200217 45 | |
| 001 | 0312221749 | |
| 005 | 20040506160456.6 | |
| 010 | @dCNY1.90 | |
| 091 | @a11100.130 | |
| 100 | @a20031222d1984 km y0chiy0120 ea | |
| 101 | @achi | |
| 105 | @a z 000yy | |
| 200 | 1 | @a吴煦档案选编@h第三辑@AWu Xu Dang An Xuan Bian@f太平天国历史博物馆编@FTai Ping Tian Guo Li Shi Bo Wu Guan Bian |
| 210 | @a南京@c江苏人民出版社@d1984.2 | |
| 215 | @a151页@d20cm | |
| 600 | 0 | @a吴煦@x档案 |
| 606 | 0 | @a中国@x历史@z1840~1949 |
| 690 | @aK251@v3 | |
| 711 | 02 | @a太平天国历史博物馆@4编 |
| 801 | @aCN@bTSTCL@c20031222 | |
| 905 | @dK251@e2:3@f1@b108994 | |
| 吴煦档案选编.第三辑/太平天国历史博物馆编.-南京:江苏人民出版社,1984.2 |
| 151页;20cm |
| ISBN :CNY1.90 |
| ● |
| 相关链接 |
|
|
|
|
正题名:吴煦档案选编
索取号:K251/2:3
 
预约/预借
| 序号 | 登录号 | 条形码 | 馆藏地/架位号 | 状态 | 备注 |
| 1 | 0108994 | 000677921 | 第二借阅区/ [索取号:K251/2:3] | 在馆 | |
| 2 | 0108995 | 000677814 | 第二样本阅览室/ [索取号:K251/2:3] | 在馆 | |
| 3 | 0173675 | 001851455 | 密集书库/ [索取号:K251/2:3] | 在馆 | |
| 4 | 0173679 | 001851446 | 密集书库/ [索取号:K251/2:3] | 在馆 | |
| 5 | 0173680 | 001851464 | 密集书库/ [索取号:K251/2:3] | 在馆 |